La migración, como causa del descenso de la matrícula en la escuela primaria rural estatal "Emiliano Zapata", ubicada en la comunidad de la Soledad Municipio de Chavinda, Mich. / (Record no. 39587)
[ view plain ]
| 000 -CABECERA | |
|---|---|
| campo de control de longitud fija | 00978nam a2200229 a 4500 |
| 005 - FECHA Y HORA DE LA ÚLTIMA TRANSACCIÓN | |
| campo de control | 20230616063549.0 |
| 008 - ELEMENTOS DE LONGITUD FIJA--INFORMACIÓN GENERAL | |
| campo de control de longitud fija | 991125 1991 zam 000 0 spa u |
| 035 ## - NÚMERO DE CONTROL DEL SISTEMA | |
| Número de control de sistema | UPN01000039587 |
| 049 ## - COLECCIÓN | |
| Colección | CG |
| 050 #4 - SIGNATURA TOPOGRÁFICA DE LA BIBLIOTECA DEL CONGRESO | |
| Número de clasificación | LC5309 U6 |
| Número de documento/Ítem | L89 |
| 100 1# - ASIENTO PRINCIPAL--NOMBRE PERSONAL | |
| Nombre de persona | Bautista Hernández, Esmeralda |
| 245 13 - MENCIÓN DE TÍTULO | |
| Título | La migración, como causa del descenso de la matrícula en la escuela primaria rural estatal "Emiliano Zapata", ubicada en la comunidad de la Soledad Municipio de Chavinda, Mich. / |
| Mención de responsabilidad, etc. | por Esmeralda Bautista Hernández, Carlos Pérez Ornelas, |
| 260 ## - PUBLICACIÓN, DISTRIBUCIÓN, ETC. | |
| Lugar de publicación, distribución, etc. | Zamora, Mich. : |
| Nombre del editor, distribuidor, etc. | E. Bautista Hernández. |
| Fecha de publicación, distribución, etc. | 1991. |
| 300 ## - DESCRIPCIÓN FÍSICA | |
| Extensión | [79] h. |
| 500 ## - NOTA GENERAL | |
| Nota general | "Seminario" |
| 500 ## - NOTA GENERAL | |
| Nota general | "Sistema de Educación a Distancia. Unidad 162" |
| 650 #4 - ASIENTO SECUNDARIO DE MATERIA - TERMINO TEMATICO | |
| Término de materia o nombre geográfico como elemento de entrada | Deserción escolar |
| 9 (RLIN) | 6083 |
| 700 1# - ASIENTO SECUNDARIO--NOMBRE DE PERSONAL | |
| Nombre de persona | Pérez Ornelas, Carlos, |
| Término indicativo de función/relación | coaut. |
| 700 1# - ASIENTO SECUNDARIO--NOMBRE DE PERSONAL | |
| Nombre de persona | Martínez Ortega, Horacio, |
| Término indicativo de función/relación | coaut. |
| 710 2# - ASIENTO SECUNDARIO - NOMBRE CORPORATIVO | |
| Nombre de entidad corporativa o nombre de jurisdicción como elemento de entrada | Universidad Pedagógica Nacional (México). |
| Unidad subordinada | Sistema de Educación a Distancia. |
| -- | Unidad 162 |
| 9 (RLIN) | 28247 |
| 905 ## - TIPO DE MATERIAL | |
| Tipo de material | Libro |
| Estado de retiro | Estado de pérdida | Fuente del sistema de clasificación o colocación | Estado dañado | No para préstamo | Código de colección | Localización permanente | Ubicación/localización actual | Ubicación en estantería | Total de préstamos | Clasificación | Código de barras | Fecha visto por última vez | Número de copia | Tipo de ítem Koha |
|---|---|---|---|---|---|---|---|---|---|---|---|---|---|---|
| Library of Congress Classification | Colección General | Bib. Gregorio Torres Quintero | Bib. Gregorio Torres Quintero | Planta baja | LC5309 U6 L89 | 116398 | 31/12/2020 | 1 | Libro |
